<?xml version="1.0" encoding="UTF-8"?>
<collection xmlns="http://www.loc.gov/MARC21/slim">
 <record>
  <leader>01322nam a2200265 a 4500</leader>
  <controlfield tag="003">BD-DhAAL</controlfield>
  <controlfield tag="008">090729r20052008ii a          000 0 eng d</controlfield>
  <datafield tag="999" ind1=" " ind2=" ">
   <subfield code="c">3673</subfield>
   <subfield code="d">3673</subfield>
  </datafield>
  <datafield tag="020" ind1=" " ind2=" ">
   <subfield code="a">8188449121</subfield>
  </datafield>
  <datafield tag="040" ind1=" " ind2=" ">
   <subfield code="a">BD-DhAAL</subfield>
  </datafield>
  <datafield tag="082" ind1="0" ind2="0">
   <subfield code="a">615.19</subfield>
   <subfield code="2">22</subfield>
  </datafield>
  <datafield tag="100" ind1="1" ind2=" ">
   <subfield code="a">Sagar, G. Vidya</subfield>
   <subfield code="9">43685</subfield>
  </datafield>
  <datafield tag="245" ind1="1" ind2="0">
   <subfield code="a">Pharmaceutical Industrial Management /</subfield>
   <subfield code="c">G. Vidya Sagar</subfield>
  </datafield>
  <datafield tag="260" ind1=" " ind2=" ">
   <subfield code="a">Hyderabad, India :</subfield>
   <subfield code="b">PharmaMed Press, </subfield>
   <subfield code="c">c2005. [reprinted 2008]</subfield>
  </datafield>
  <datafield tag="300" ind1=" " ind2=" ">
   <subfield code="a">xix, 365 pages :</subfield>
   <subfield code="b">illustrations ;</subfield>
   <subfield code="c">25 cm. </subfield>
  </datafield>
  <datafield tag="504" ind1=" " ind2=" ">
   <subfield code="a">Includes  index.</subfield>
  </datafield>
  <datafield tag="541" ind1="1" ind2=" ">
   <subfield code="e">00018906	</subfield>
  </datafield>
  <datafield tag="650" ind1=" " ind2="0">
   <subfield code="a">Pharmaceutical technology.</subfield>
   <subfield code="9">43686</subfield>
  </datafield>
  <datafield tag="650" ind1=" " ind2="0">
   <subfield code="a">Pharmaceutical industry.  </subfield>
   <subfield code="9">43687</subfield>
  </datafield>
  <datafield tag="650" ind1=" " ind2="0">
   <subfield code="a">Pharmacy.</subfield>
   <subfield code="9">43688</subfield>
  </datafield>
  <datafield tag="852" ind1="4" ind2=" ">
   <subfield code="a">Ayesha Abed Library </subfield>
   <subfield code="j">General Shelf.</subfield>
  </datafield>
  <datafield tag="942" ind1=" " ind2=" ">
   <subfield code="2">ddc</subfield>
   <subfield code="c">BK</subfield>
  </datafield>
  <datafield tag="952" ind1=" " ind2=" ">
   <subfield code="0">0</subfield>
   <subfield code="1">0</subfield>
   <subfield code="2">ddc</subfield>
   <subfield code="4">0</subfield>
   <subfield code="6">615_190000000000000_SAG</subfield>
   <subfield code="7">0</subfield>
   <subfield code="9">3333</subfield>
   <subfield code="a">BRACUL</subfield>
   <subfield code="b">BRACUL</subfield>
   <subfield code="c">GEN</subfield>
   <subfield code="d">2009-09-03</subfield>
   <subfield code="e">Parash Publishers</subfield>
   <subfield code="l">2</subfield>
   <subfield code="o">615.19 SAG</subfield>
   <subfield code="p">3010018906</subfield>
   <subfield code="r">2016-09-27</subfield>
   <subfield code="s">2016-09-25</subfield>
   <subfield code="t">1</subfield>
   <subfield code="w">2009-09-03</subfield>
   <subfield code="y">BK</subfield>
  </datafield>
  <datafield tag="952" ind1=" " ind2=" ">
   <subfield code="0">0</subfield>
   <subfield code="1">0</subfield>
   <subfield code="2">ddc</subfield>
   <subfield code="4">0</subfield>
   <subfield code="6">615_190000000000000_SAG_2008</subfield>
   <subfield code="7">0</subfield>
   <subfield code="9">9156</subfield>
   <subfield code="a">BRACUL</subfield>
   <subfield code="b">BRACUL</subfield>
   <subfield code="c">GEN</subfield>
   <subfield code="d">2010-04-11</subfield>
   <subfield code="l">0</subfield>
   <subfield code="o">615.19 SAG</subfield>
   <subfield code="p">3010018905</subfield>
   <subfield code="r">2010-04-11</subfield>
   <subfield code="t">2</subfield>
   <subfield code="w">2010-04-11</subfield>
   <subfield code="y">BK</subfield>
  </datafield>
  <datafield tag="952" ind1=" " ind2=" ">
   <subfield code="0">0</subfield>
   <subfield code="1">3</subfield>
   <subfield code="2">ddc</subfield>
   <subfield code="4">0</subfield>
   <subfield code="6">615_190000000000000_SAG_2008</subfield>
   <subfield code="7">0</subfield>
   <subfield code="9">10098</subfield>
   <subfield code="a">BRACUL</subfield>
   <subfield code="b">BRACUL</subfield>
   <subfield code="c">GEN</subfield>
   <subfield code="d">2010-05-12</subfield>
   <subfield code="g">415.00</subfield>
   <subfield code="l">2</subfield>
   <subfield code="m">60</subfield>
   <subfield code="o">615.19 SAG</subfield>
   <subfield code="p">3010018904</subfield>
   <subfield code="r">2017-04-08</subfield>
   <subfield code="s">2016-09-04</subfield>
   <subfield code="t">3</subfield>
   <subfield code="w">2010-05-12</subfield>
   <subfield code="y">BK</subfield>
   <subfield code="x">Book lost and cost paid BDT-830/- (ID-13364090, Money Recpt No-21882)</subfield>
  </datafield>
 </record>
</collection>
